【共通テスト化学】二糖類 - Statistics

General Stats
  • This quiz has been taken 17 times
  • The average score is 39 of 60
Answer Stats
Question Tile Select % Correct
マルトース(麦芽糖) β-グルコース 1位 No
100%
マルトース(麦芽糖) α-ガラクトース 1位 No
100%
マルトース(麦芽糖) β-ガラクトース 1位 No
100%
マルトース(麦芽糖) α-フルクトース(六) 2位 No
100%
マルトース(麦芽糖) α-フルクトース(五) 2位 No
100%
マルトース(麦芽糖) β-フルクトース(五) 2位 No
100%
マルトース(麦芽糖) β-フルクトース(六) 2位 No
100%
マルトース(麦芽糖) β-ガラクトース 4位 No
100%
マルトース(麦芽糖) α-ガラクトース 4位 No
100%
マルトース(麦芽糖) α-グルコース 1位 Yes
83%
マルトース(麦芽糖) β-グルコース 4位 No
83%
マルトース(麦芽糖) α-グルコース 4位 Yes
83%
セロビオース α-グルコース 1位 No
67%
セロビオース β-グルコース 1位 Yes
67%
セロビオース α-ガラクトース 1位 No
67%
セロビオース β-ガラクトース 1位 No
67%
ラクトース(乳糖) α-ガラクトース 1位 No
67%
スクロース(ショ糖) α-グルコース 1位 Yes
67%
スクロース(ショ糖) β-グルコース 1位 No
67%
スクロース(ショ糖) α-ガラクトース 1位 No
67%
スクロース(ショ糖) β-ガラクトース 1位 No
67%
セロビオース α-フルクトース(六) 2位 No
67%
セロビオース β-フルクトース(六) 2位 No
67%
セロビオース α-フルクトース(五) 2位 No
67%
セロビオース β-フルクトース(五) 2位 No
67%
ラクトース(乳糖) α-フルクトース(六) 2位 No
67%
ラクトース(乳糖) β-フルクトース(六) 2位 No
67%
ラクトース(乳糖) α-フルクトース(五) 2位 No
67%
ラクトース(乳糖) β-フルクトース(五) 2位 No
67%
スクロース(ショ糖) β-フルクトース(六) 2位 No
67%
スクロース(ショ糖) α-フルクトース(五) 2位 No
67%
セロビオース α-グルコース 4位 No
67%
セロビオース β-グルコース 4位 Yes
67%
セロビオース α-ガラクトース 4位 No
67%
セロビオース β-ガラクトース 4位 No
67%
ラクトース(乳糖) α-グルコース 4位 No
67%
ラクトース(乳糖) β-ガラクトース 4位 No
67%
スクロース(ショ糖) α-グルコース 4位 No
67%
スクロース(ショ糖) β-グルコース 4位 No
67%
スクロース(ショ糖) α-ガラクトース 4位 No
67%
スクロース(ショ糖) β-ガラクトース 4位 No
67%
トレハロース α-グルコース 1位 Yes
50%
トレハロース β-グルコース 1位 No
50%
トレハロース α-ガラクトース 1位 No
50%
トレハロース β-ガラクトース 1位 No
50%
ラクトース(乳糖) β-グルコース 1位 No
50%
トレハロース α-フルクトース(六) 2位 No
50%
トレハロース β-フルクトース(六) 2位 No
50%
トレハロース α-フルクトース(五) 2位 No
50%
トレハロース β-フルクトース(五) 2位 No
50%
スクロース(ショ糖) α-フルクトース(六) 2位 No
50%
スクロース(ショ糖) β-フルクトース(五) 2位 Yes
50%
トレハロース α-グルコース 4位 No
50%
トレハロース β-グルコース 4位 No
50%
トレハロース α-ガラクトース 4位 No
50%
トレハロース β-ガラクトース 4位 No
50%
ラクトース(乳糖) α-グルコース 1位 No
17%
ラクトース(乳糖) β-ガラクトース 1位 Yes
17%
ラクトース(乳糖) α-ガラクトース 4位 No
17%
ラクトース(乳糖) β-グルコース 4位 Yes
0%
No matching quizzes found
Score Distribution
Percent of People with Each Score
Percentile by Number Answered
Your Score History
You have not taken this quiz